[Event "AUTO-OPEN-394"]
[Site "http://www.queenalice.com/game.php?id=191585"]
[Date "2007.4.4"]
[Round "2"]
[White "jcbraga"]
[Black "ardofon"]
[Result "1/2-1/2"]
[WhiteElo "1793"]
[BlackElo "1792"]

1. e4 e6 2. d4 c6 3. Nf3 h6 4. Be2 Qc7 5. O-O Nf6 6. Nc3 d6 7. Bf4 Nbd7 8. Re1
e5 9. dxe5 dxe5 10. Bg3 g6 11. a3 Bg7 12. Bd3 Nh5 13. Na2 Nxg3 14. hxg3 Nf6 15.
b4 Bg4 16. Qd2 Bxf3 17. gxf3 b5 18. c4 a6 19. c5 Rd8 20. Qe3 O-O 21. Rad1 Rd4
22. Be2 Rfd8 23. Rxd4 Rxd4 24. Rd1 Qd7 25. Rxd4 exd4 26. Qd2 Qe6 27. Nc1 Qd7 28.
Nb3 Ne8 29. Kg2 Nc7 30. f4 Ne6 31. Bg4 h5 32. Bxe6 Qxe6 33. Nxd4 Qxe4+ 34. Nf3
Qe8 35. Nd4 Qd8 36. Nf3 Qc7 37. Qe3 Qd8 38. Qd2 1/2-1/2

[Event "AUTO-OPEN-394"]
[Site "http://www.queenalice.com/game.php?id=191586"]
[Date "2007.4.4"]
[Round "2"]
[White "ardofon"]
[Black "CHESSGENIUS"]
[Result "0-1"]
[WhiteElo "1803"]
[BlackElo "2117"]

1. e4 e5 2. Qh5 Nc6 3. Bc4 Qe7 4. c3 Nf6 5. Qe2 Na5 6. Bd3 d5 7. b3 dxe4 8. Bxe4
Nxe4 9. Qxe4 f5 10. Qe2 Bd7 11. Bb2 O-O-O 12. d3 Nc6 13. Nd2 Be6 14. Ngf3 Qd6
15. d4 exd4 16. cxd4 Bd5 17. O-O Qf4 18. g3 Qg4 19. a3 h5 20. b4 h4 21. Qd1 Bd6
22. Bc3 hxg3 23. fxg3 Rxh2 24. Kxh2 Qxg3+ 0-1

[Event "AUTO-OPEN-394"]
[Site "http://www.queenalice.com/game.php?id=191587"]
[Date "2007.4.4"]
[Round "2"]
[White "CHESSGENIUS"]
[Black "ardofon"]
[Result "0-1"]
[WhiteElo "2108"]
[BlackElo "1792"]

1. e4 e6 2. d4 c6 3. Nd2 Qc7 4. Ngf3 d6 5. Bd3 Nd7 6. Qe2 h6 7. O-O Ngf6 8. Re1
e5 9. Nc4 b5 10. Ne3 g6 11. a4 b4 12. Bd2 a5 13. c3 bxc3 14. Bxc3 Bg7 15. Nc4
Nh7 16. Qd2 O-O 17. Bxa5 Qb8 18. Bc3 Ba6 19. dxe5 Bxc4 20. Bxc4 Nxe5 21. Nxe5
dxe5 22. Red1 Ng5 23. Qe3 Rd8 24. b3 Qc7 25. h4 Nh7 26. Qc5 Nf8 27. Rxd8 Qxd8
28. Bxe5 Ra5 29. Qd6 Qxd6 30. Bxd6 Bxa1 31. f4 Ra7 32. g4 Nd7 33. Kf2 Bd4+ 34.
Ke2 Nb6 35. Bd3 Nxa4 36. bxa4 Rxa4 0-1

[Event "AUTO-OPEN-966"]
[Site "http://www.queenalice.com/game.php?id=334922"]
[Date "2008.1.11"]
[Round "1"]
[White "animis"]
[Black "ardofon"]
[Result "1/2-1/2"]
[WhiteElo "1956"]
[BlackElo "1865"]

1. e4 e6 2. d4 c6 3. Nf3 Qc7 4. Be2 h6 5. c4 d6 6. Nc3 Nd7 7. O-O Ngf6 8. h3 g6
9. Bf4 e5 10. Bh2 Bg7 11. Rc1 Nh7 12. Qd3 a6 13. b4 exd4 14. Nxd4 Ne5 15. Qd2
Qe7 16. f4 Nd7 17. Rcd1 O-O 18. a3 h5 19. a4 Bxd4+ 20. Qxd4 Qf6 21. e5 dxe5 22.
fxe5 Qg7 23. Qd6 Re8 24. b5 axb5 25. axb5 Nxe5 26. bxc6 bxc6 27. Bxe5 Rxe5 28.
Bf3 Re6 29. Qc7 Ba6 30. Rd8+ Re8 31. Rxe8+ Rxe8 32. Qxc6 Re6 33. Qa8+ Nf8 34.
Nb5 Bxb5 35. cxb5 Qd4+ 36. Kh1 Qd3 37. Rd1 Qxb5 38. Rd8 Re1+ 39. Kh2 Qe5+ 40. g3
Qc5 41. h4 Kg7 42. Qd5 Qf2+ 43. Bg2 Re2 44. Qd4+ Qxd4 45. Rxd4 Re5 46. Re4 Rxe4
47. Bxe4 f6 48. Kg2 Ne6 49. Kf2 g5 50. hxg5 fxg5 51. Bd5 Nc5 52. Ke3 Kh6 53. Kd4
Nd7 54. Be6 Nb6 55. Ke5 Na4 56. Kd4 Nb2 57. Ke3 Nd1+ 58. Kf3 Nc3 59. Bc4 Na4 60.
Ke3 Nc5 61. Bd5 Nd7 62. Kf2 g4 63. Ke3 Kg5 64. Ba8 Nf6 65. Bb7 h4 66. gxh4+ Kxh4
67. Kf2 Kh3 68. Bc8 Ne4+ 69. Ke3 Nd6 70. Bxg4+ Kxg4 71. Kd4 Kf5 72. Kd5 Ne4 73.
Kd4 Ng5 74. Kd5 Nf7 75. Kd4 Ke6 76. Ke4 Nd6+ 77. Kd4 Nb7 78. Ke4 Nc5+ 79. Kf4
Kd5 80. Kf5 Ne4 81. Kg6 Ke6 82. Kg7 Nd6 83. Kf8 Kf6 84. Kg8 Ne8 85. Kf8 Ng7 86.
Kg8 Ne6 87. Kh7 Nc7 88. Kh6 Nb5 89. Kh5 Nc3 90. Kg4 Na2 91. Kh5 Nb4 92. Kh6 Nc6
93. Kh7 Nb8 94. Kh8 Kf7 95. Kh7 Nd7 96. Kh6 Ne5 97. Kh5 Kf6 98. Kh4 Kf5 99. Kh5
Nf3 100. Kh6 Kf6 101. Kh5 Kf5 102. Kh6 Kf6 103. Kh5 Kf5 1/2-1/2

[Event "AUTO-OPEN-966"]
[Site "http://www.queenalice.com/game.php?id=334923"]
[Date "2008.1.11"]
[Round "1"]
[White "ardofon"]
[Black "animis"]
[Result "0-1"]
[WhiteElo "1887"]
[BlackElo "1955"]

1. e4 c5 2. c3 Nf6 3. d3 d6 4. h3 Nc6 5. Bg5 e6 6. Nd2 Be7 7. Be2 O-O 8. Bxf6
Bxf6 9. Bf3 Qb6 10. Nc4 Qc7 11. Qc2 a6 12. Ne2 b5 13. Ne3 Ne5 14. Ng4 Nxf3+ 15.
gxf3 Be7 16. Ng3 Bb7 17. Rg1 Rac8 18. Nh2 d5 19. Rg2 Bd6 20. Nhf1 Qa5 21. a3 d4
22. Qc1 Rfd8 23. Ke2 c4 24. dxc4 Rxc4 25. Nd2 Rcc8 26. Nb3 Qc7 27. Nxd4 Bxg3 28.
Rxg3 Rxd4 29. Qg5 f6 30. Qxf6 Qc4+ 31. Ke1 Rd7 32. Rc1 Rf8 33. Qg5 Qd3 34. h4
Rxf3 35. Qg4 Qd2+ 36. Kf1 Qxf2# 0-1

[Event "AUTO-ADV-1097"]
[Site "http://www.queenalice.com/game.php?id=488539"]
[Date "2008.11.5"]
[Round "1"]
[White "gilberth1"]
[Black "ardofon"]
[Result "0-1"]
[WhiteElo "1817"]
[BlackElo "1890"]

1. d4 e6 2. c4 c6 3. Nc3 Qc7 4. e4 d6 5. Bf4 e5 6. dxe5 dxe5 7. Bg3 Be6 8. Nf3
Nd7 9. Ng5 Nc5 10. b4 Na6 11. Nxe6 fxe6 12. Qh5+ Qf7 13. Qxf7+ Kxf7 14. Bxe5
Bxb4 15. Rb1 Bxc3+ 16. Bxc3 b6 17. c5 Nxc5 18. Be2 Nxe4 19. Ba1 Ne7 20. O-O Nd2
21. f4 Nxb1 22. Rxb1 Rhd8 23. Bh5+ g6 24. Bg4 Nd5 25. g3 c5 26. Re1 Re8 27. Be5
Rac8 28. Bb2 c4 29. Bf3 c3 30. Ba3 b5 31. Re5 b4 32. Bc1 Rcd8 33. Re4 a5 34. Be2
Re7 35. Bc4 Nf6 36. Re1 c2 37. Bb3 Rc8 38. Re2 Nd5 39. Bxc2 Nc3 40. Rd2 Nxa2 41.
Bb2 Nc3 42. Rf2 a4 43. g4 b3 44. Bd3 Nd1 45. Re2 Nxb2 46. Rxb2 Rc3 47. Be4 a3
48. Rf2 a2 49. Rf1 b2 50. f5 gxf5 51. gxf5 Ke8 52. Bf3 Rxf3 53. Rxf3 a1=Q+ 54.
Kg2 b1=Q 55. fxe6 Qaa2+ 56. Kh3 Qh1 57. Rf7 Qxe6+ 58. Kg3 Rxf7 59. Kh4 Qxh2+ 0-1

[Event "AUTO-ADV-1097"]
[Site "http://www.queenalice.com/game.php?id=488540"]
[Date "2008.11.5"]
[Round "1"]
[White "ardofon"]
[Black "gilberth1"]
[Result "1-0"]
[WhiteElo "1871"]
[BlackElo "1832"]

1. e4 c5 2. Bc4 e6 3. Qe2 a6 4. a3 Nc6 5. c3 b5 6. Ba2 Qg5 7. g3 Qd8 8. d3 Bb7
9. Nf3 Nf6 10. Bg5 h6 11. Bxf6 Qxf6 12. O-O Bd6 13. Nbd2 O-O 14. Rfe1 Ne5 15.
Nxe5 Qxe5 16. f4 Qf6 17. e5 Bxe5 18. fxe5 Qg5 19. Nf3 Qg4 20. Rf1 f6 21. Qe3
fxe5 22. Nxe5 Qh3 23. Qe2 Rxf1+ 24. Rxf1 Rf8 25. Rxf8+ Kxf8 26. Nxd7+ Ke7 27.
Nxc5 Bc8 28. Qe5 Qg4 29. Qc7+ Kf6 30. Ne4+ Kg6 31. Nf2 Qe2 32. Qxc8 Qxb2 33.
Qxe6+ Kg5 34. h4+ 1-0

[Event "AUTO-ADV-1097"]
[Site "http://www.queenalice.com/game.php?id=488565"]
[Date "2008.11.5"]
[Round "1"]
[White "lucasitajobi"]
[Black "ardofon"]
[Result "0-1"]
[WhiteElo "1684"]
[BlackElo "1915"]

1. e4 e6 2. Nc3 c6 3. d3 Qc7 4. g3 d6 5. Bf4 Nd7 6. Bh3 h6 7. Nf3 e5 8. Bxd7+
Bxd7 9. Be3 Bh3 10. Qe2 Nf6 11. d4 g6 12. dxe5 dxe5 13. O-O-O Bg7 14. Bc5 Nd7
15. Bd6 Qc8 16. Ng1 Bg2 17. Nh3 Bxh3 18. Rhg1 Be6 19. f4 b5 20. fxe5 Bxe5 21.
Bxe5 Nxe5 22. Rde1 Qa6 23. g4 Bxa2 24. Nxa2 Qxa2 25. c3 Nc4 26. e5 Qa1+ 27. Kc2
Qxb2+ 28. Kd3 Rd8+ 29. Ke4 Qxc3 30. Rd1 Qxe5+ 31. Kf3 Qxe2+ 32. Kxe2 Rxd1 33.
Rxd1 a5 34. Kd3 Nb2+ 35. Ke2 Nxd1 36. Kxd1 O-O 0-1

[Event "AUTO-ADV-1097"]
[Site "http://www.queenalice.com/game.php?id=488566"]
[Date "2008.11.5"]
[Round "1"]
[White "ardofon"]
[Black "lucasitajobi"]
[Result "1-0"]
[WhiteElo "1906"]
[BlackElo "1684"]

1. e4 e5 2. Qh5 Nf6 3. Qxe5+ Be7 4. d3 Nc6 5. Qg3 d5 6. c3 Nh5 7. Qf3 g6 8. Bh6
Be6 9. Qe3 dxe4 10. dxe4 b6 11. h3 Bc5 12. Qd2 Qf6 13. Nf3 Rd8 14. Qc2 g5 15.
Bxg5 Qg6 16. Bxd8 Kxd8 17. Nbd2 Kc8 18. Nb3 Bxb3 19. axb3 Re8 20. O-O-O Qxe4 21.
Qxe4 Rxe4 22. Rd2 Bd6 23. Bd3 Re6 24. Kc2 Bf4 25. Rdd1 Ne5 26. Nd4 Nxd3 27. Rxd3
c5 28. Nxe6 fxe6 29. Rhd1 Kb7 30. Rd7+ Ka6 31. Rxh7 Nf6 32. Ra1+ Kb5 33. Rhxa7
Nd5 34. c4+ Kb4 35. R7a4# 1-0

[Event "AUTO-ADV-1177"]
[Site "http://www.queenalice.com/game.php?id=521041"]
[Date "2009.1.12"]
[Round "1"]
[White "superpato"]
[Black "ardofon"]
[Result "0-1"]
[WhiteElo "1890"]
[BlackElo "1952"]

1. e4 e6 2. d4 c6 3. Nf3 Qc7 4. g3 h6 5. Bf4 d6 6. Bg2 Nd7 7. O-O e5 8. Be3 Ngf6
9. Nc3 a6 10. dxe5 dxe5 11. a3 b6 12. Nd2 b5 13. f4 Bc5 14. Bxc5 Nxc5 15. f5 Bb7
16. b4 Ncd7 17. h3 Nb6 18. h4 Rd8 19. Qe2 c5 20. Na2 c4 21. c3 Rd3 22. Rf3 Rxf3
23. Bxf3 O-O 24. g4 Na4 25. g5 hxg5 26. hxg5 Nh7 27. Qg2 Qb6+ 28. Kh1 Qe3 29.
Nf1 Qxg5 30. Qxg5 Nxg5 31. Bg2 Bxe4 32. Bxe4 Nxe4 33. Rc1 Rd8 34. Ne3 Rd3 35.
Ng4 Naxc3 36. Nxc3 Nxc3 37. Nxe5 Re3 38. Ng4 Rg3 39. Ne5 Ne4 40. Ra1 Rg5 41. Re1
Ng3+ 42. Kh2 Nxf5 43. Nf3 Rh5+ 44. Kg1 Rh6 45. Ng5 Kf8 46. Kf2 Nd4 47. Rd1 Nc2
0-1

[Event "AUTO-ADV-1177"]
[Site "http://www.queenalice.com/game.php?id=521042"]
[Date "2009.1.12"]
[Round "1"]
[White "ardofon"]
[Black "superpato"]
[Result "1/2-1/2"]
[WhiteElo "1969"]
[BlackElo "1929"]

1. e4 e5 2. c3 Nf6 3. Qc2 d5 4. d3 c6 5. h3 Bc5 6. Nf3 Bd6 7. Bg5 h6 8. Bxf6
Qxf6 9. Nbd2 O-O 10. g3 Nd7 11. Bg2 Qd8 12. Nh4 Nf6 13. O-O Be6 14. Nf5 Bc5 15.
d4 exd4 16. cxd4 Bb6 17. e5 Nd7 18. Nf3 Bxf5 19. Qxf5 Re8 20. Rfe1 Nf8 21. Rad1
Ne6 22. b4 a6 23. Re2 Qe7 24. a3 a5 25. Rb1 axb4 26. axb4 Bxd4 27. Rd2 Bc3 28.
Rd3 Bxb4 29. Rdb3 c5 30. Bf1 g6 31. Qc2 Rec8 32. Qc1 Kh7 33. h4 Nd4 34. Nxd4
cxd4 35. Qf4 Ba5 36. Rxb7 Bc7 37. Qxd4 Qxe5 38. Qd3 Kg7 39. Bg2 Ra5 40. R7b5
Rxb5 41. Rxb5 Rd8 42. Bxd5 Qe1+ 43. Kg2 h5 44. Rb7 Qa5 45. Rb5 Qa6 46. Qb3 Qf6
47. Rb7 Rd7 48. Bf3 Re7 49. Qc4 Bd6 50. Rb5 Rc7 51. Qb3 Re7 52. Ra5 Re5 53. Ra8
Rf5 54. Ra2 Bc5 55. Rc2 Qd4 56. Qa2 Qd3 57. Bc6 Qd4 58. Bf3 Qd3 59. Bc6 Qd4 60.
Re2 Qd1 61. Be8 Qd3 62. Bc6 Qd1 63. Rd2 Qe1 64. Qb2+ Rf6 65. Re2 Qd1 66. Bf3 Qd3
67. Bc6 1/2-1/2

[Event "AUTO-ADV-1177"]
[Site "http://www.queenalice.com/game.php?id=521055"]
[Date "2009.1.12"]
[Round "1"]
[White "ardofon"]
[Black "lifelessons"]
[Result "0-1"]
[WhiteElo "1965"]
[BlackElo "1841"]

1. e4 e5 2. c3 c5 3. d3 Be7 4. Nf3 Nf6 5. h3 O-O 6. Nxe5 d6 7. Nf3 Nc6 8. Bg5
Be6 9. Nbd2 Nd7 10. Bf4 d5 11. Bg3 dxe4 12. dxe4 f5 13. Bd3 f4 14. Bh2 c4 15.
Bc2 Bc5 16. O-O Nde5 17. Qe2 Nd3 18. Bxd3 cxd3 19. Qd1 Qb6 20. b3 Be3 21. Rb1
Bxd2 22. Qxd2 Rad8 23. Bxf4 Bf7 24. Rfe1 Bg6 25. e5 Rfe8 26. Re3 Ne7 27. Rd1 Nd5
28. Ree1 Nxf4 29. Qxf4 Qe6 30. g4 Rf8 31. Qg3 Qc6 32. c4 Rxf3 33. Qh4 Re8 34.
Rd2 Qb6 35. Kg2 Qc6 36. Kh2 Rf4 37. Qg3 Rf3 38. Qg1 Qc7 39. Kg2 Qc6 40. Kh2 Qc7
41. Kg2 Rf4 42. Qh2 Qc6+ 43. Kg1 Re4 44. Rxe4 Qxe4 45. Kf1 Rxe5 46. f4 Qe1+ 47.
Kg2 Be4# 0-1

[Event "AUTO-ADV-1177"]
[Site "http://www.queenalice.com/game.php?id=521056"]
[Date "2009.1.12"]
[Round "1"]
[White "lifelessons"]
[Black "ardofon"]
[Result "1-0"]
[WhiteElo "1890"]
[BlackElo "1967"]

1. Nf3 e6 2. g3 c6 3. Bg2 Qc7 4. O-O d6 5. e4 Nd7 6. d4 h6 7. c4 Ngf6 8. Nc3 a6
9. Be3 e5 10. d5 c5 11. a4 a5 12. Nb5 Qd8 13. Nh4 g6 14. f4 Ng4 15. Qxg4 Nb6 16.
Qe2 Bg7 17. Rab1 Nxa4 18. b3 Nb6 19. fxe5 Bxe5 20. Qf2 Qe7 21. Bh1 g5 22. Nf5
Bxf5 23. Qxf5 Nc8 24. Rf2 b6 25. Rbf1 O-O 26. Bf3 a4 27. bxa4 Rxa4 28. Bh5 f6
29. Qg6+ Qg7 30. Qxg7+ Kxg7 31. Nc7 Kh7 32. Ne6 Rg8 33. Rxf6 Bxf6 34. Rxf6 Ra7
35. Bd2 Ra1+ 36. Kf2 Ra7 37. Bc3 Re7 38. Nf8+ Rxf8 39. Rxf8 Re5 40. Rxc8 Kg7 41.
Bxe5+ dxe5 42. d6 b5 43. cxb5 Kf6 44. d7 c4 45. d8=Q+ 1-0

[Event "AUTO-ADV-1177"]
[Site "http://www.queenalice.com/game.php?id=521057"]
[Date "2009.1.12"]
[Round "1"]
[White "ardofon"]
[Black "alvarogoulart"]
[Result "1-0"]
[WhiteElo "1944"]
[BlackElo "1866"]

1. e4 b6 2. c3 Bb7 3. d3 e5 4. Qc2 Nf6 5. h3 Nc6 6. Nf3 h6 7. Nbd2 a5 8. Nc4 d5
9. Ncxe5 Qe7 10. Nxc6 Bxc6 11. e5 Nd7 12. d4 O-O-O 13. Ba6+ Bb7 14. Bxb7+ Kxb7
15. a3 f6 16. O-O fxe5 17. Re1 g5 18. Nxe5 Qf6 19. Ng4 Qd6 20. b4 axb4 21. axb4
Bg7 22. Qd3 Ra8 23. Bb2 h5 24. Ne3 g4 25. Nf5 Qf6 26. Rxa8 Rxa8 27. h4 Ra2 28.
Re2 Nf8 29. Qb1 Ra6 30. g3 Nd7 31. Qc2 Qc6 32. Nxg7 Qh6 33. Nf5 Qf6 34. Ne3 c6
35. c4 dxc4 36. Qxc4 b5 37. Qd3 Qf8 38. d5 Qxb4 39. dxc6+ Rxc6 40. Qxd7+ Rc7 41.
Qd5+ Rc6 42. Kg2 Kc7 43. Be5+ Kb6 44. Qd8+ Kc5 45. Qe7+ Kb6 46. Qxb4 Ka6 47.
Ra2+ Kb6 48. Nd5+ Kb7 49. Qxb5+ Rb6 50. Qxb6+ Kc8 51. Qc7# 1-0

[Event "AUTO-ADV-1177"]
[Site "http://www.queenalice.com/game.php?id=521058"]
[Date "2009.1.12"]
[Round "1"]
[White "alvarogoulart"]
[Black "ardofon"]
[Result "0-1"]
[WhiteElo "1889"]
[BlackElo "1923"]

1. g3 e6 2. Bg2 c6 3. e4 Qc7 4. d4 d6 5. Nc3 a6 6. Nf3 Nd7 7. Bf4 e5 8. dxe5
dxe5 9. Be3 Ngf6 10. Bg5 h6 11. Bxf6 Nxf6 12. O-O Bg4 13. a3 Rd8 14. Qe1 g6 15.
Rd1 Bxf3 16. Bxf3 Bg7 17. Na4 O-O 18. Nc5 Rxd1 19. Qxd1 Re8 20. h4 Bf8 21. Nd3
c5 22. Qe2 b5 23. Nc1 c4 24. c3 Qc8 25. Rd1 h5 26. Qe3 Ng4 27. Bxg4 Qxg4 28. Rd5
Kh7 29. Kg2 Bh6 30. Qe1 Bxc1 31. Qxc1 Qxe4+ 32. Kh3 Qxd5 33. Qe3 Qh1# 0-1

[Event "AUTO-ADV-1097"]
[Site "http://www.queenalice.com/game.php?id=546784"]
[Date "2009.2.26"]
[Round "2"]
[White "ardofon"]
[Black "regicide13"]
[Result "1-0"]
[WhiteElo "1957"]
[BlackElo "1865"]

1. e4 e5 2. c3 Nf6 3. d3 d5 4. Qc2 Nc6 5. h3 d4 6. Nf3 dxc3 7. bxc3 Bc5 8. Ba3
Bxa3 9. Nxa3 O-O 10. Nc4 Re8 11. Be2 b5 12. Ne3 a5 13. a3 a4 14. Nh2 Na5 15. O-O
Nb3 16. Rab1 c6 17. Bd1 h6 18. Qe2 Be6 19. Neg4 Nxg4 20. hxg4 Nc5 21. Bc2 Bb3
22. Rfd1 Ne6 23. Bxb3 axb3 24. Rxb3 Nf4 25. Qe3 h5 26. d4 Qg5 27. g3 Nh3+ 28.
Kg2 hxg4 29. Qe2 f5 30. d5 cxd5 31. Rxd5 Rad8 32. Qxb5 Rf8 33. Rxe5 Qd2 34. Qf1
fxe4 35. Nxg4 Nf4+ 36. gxf4 Qxf4 37. Qc4+ Rf7 38. Qxe4 Qd2 39. c4 Rf4 40. Qg6
Rxf2+ 41. Nxf2 1-0

[Event "AUTO-ADV-1097"]
[Site "http://www.queenalice.com/game.php?id=546785"]
[Date "2009.2.26"]
[Round "2"]
[White "regicide13"]
[Black "ardofon"]
[Result "0-1"]
[WhiteElo "1860"]
[BlackElo "1939"]

1. e4 e6 2. Nf3 h6 3. Bc4 c6 4. d3 Qc7 5. O-O b5 6. Bb3 a5 7. a4 b4 8. c3 c5 9.
cxb4 cxb4 10. Nd4 Qe5 11. Nb5 Bd6 12. Nd2 Qxh2# 0-1

[Event "AUTO-ADV-1097"]
[Site "http://www.queenalice.com/game.php?id=571668"]
[Date "2009.4.14"]
[Round "3"]
[White "vindaloo"]
[Black "ardofon"]
[Result "0-1"]
[WhiteElo "1896"]
[BlackElo "1962"]

1. e4 e6 2. Nf3 g6 3. c4 c6 4. Nc3 Bg7 5. d4 Qc7 6. d5 d6 7. dxe6 Bxc3+ 8. bxc3
Bxe6 9. Qd4 f6 10. c5 Nd7 11. cxd6 Qb6 12. Be2 Qxd4 13. cxd4 h5 14. Bd3 Nh6 15.
e5 f5 16. Ng5 Nf8 17. Nxe6 Nxe6 18. Bb2 Nf4 19. Bf1 a6 20. g3 Nd5 21. Bc1 Nf7
22. Bd2 Kd7 23. Rb1 b5 24. a4 Rhe8 25. Bg2 Nxd6 26. O-O Nc4 27. Bg5 Nc3 28. axb5
axb5 29. Rbe1 Ra6 30. f4 Ke6 31. Rf3 Ne4 32. Bf1 Ncd2 33. Rd3 b4 34. Bg2 Rb6 35.
Bxe4 Nxe4 36. Red1 Nxg5 37. fxg5 b3 38. Rb1 b2 39. Rd2 Reb8 40. Kf2 Rb3 41. Ke2
Kd5 42. Rd3 R3b4 43. Ke3 Rc4 44. Kd2 Rxd4 45. Rxd4+ Kxd4 46. e6 Kd5 47. e7 Kd6
48. e8=N+ Rxe8 49. Rxb2 Kd5 50. Kd3 Re4 51. Ra2 Rg4 52. Rg2 Rxg5 53. h3 h4 54.
g4 fxg4 55. hxg4 c5 56. Kc3 Re5 57. Rd2+ Kc6 58. Kc2 g5 59. Rg2 c4 60. Kc3 Kc5
61. Rf2 Re3+ 62. Kd2 Kd4 63. Kc1 Rg3 64. Rd2+ Rd3 65. Rg2 c3 66. Kc2 Rd2+ 67.
Rxd2+ cxd2 68. Kxd2 h3 0-1

[Event "AUTO-ADV-1097"]
[Site "http://www.queenalice.com/game.php?id=571669"]
[Date "2009.4.14"]
[Round "3"]
[White "ardofon"]
[Black "vindaloo"]
[Result "1-0"]
[WhiteElo "1948"]
[BlackElo "1888"]

1. e4 e6 2. c3 c5 3. d3 Nc6 4. Na3 d6 5. Nc4 Nf6 6. Bg5 Be7 7. Bxf6 Bxf6 8. Nf3
e5 9. Ne3 h6 10. h3 Be6 11. Be2 O-O 12. Nh2 Bg5 13. Nd5 f5 14. Bh5 c4 15. dxc4
fxe4 16. O-O Ne7 17. Bg4 Nf5 18. Qc2 Bxd5 19. cxd5 Qf6 20. Qxe4 b6 21. Bxf5 Qxf5
22. Qe2 Rad8 23. c4 Rd7 24. b3 Qg6 25. a4 Rf4 26. a5 Bd8 27. a6 e4 28. Qe3 Rh4
29. f4 b5 30. Kh1 Bb6 31. Qe1 Rh5 32. Ra2 bxc4 33. bxc4 e3 34. Rf3 Qe4 35. Qf1
Re7 36. Qe2 Rf5 37. Nf1 Rxf4 38. Nh2 Ref7 39. Rc2 Qe5 40. g3 Qa1+ 41. Kg2 Rxf3
42. Nxf3 Qxa6 43. Qd3 Qb7 44. Nd4 Qe7 45. Re2 Rf2+ 46. Kg1 Rxe2 47. Nxe2 Qf6 48.
Kg2 Qf2+ 49. Kh1 Ba5 50. c5 Be1 51. Ng1 Qxg3 52. c6 Bf2 53. Qf1 Qf3+ 54. Nxf3
1-0